Extremely Hard General Knowledge #50 - Statistics

General Stats
  • This quiz has been taken 325 times
    19 since last reset
  • The average score is 4 of 20
Answer Stats
Hint Answer % Correct
The French fashion designer Yves Saint Laurent was born in which African country? Algeria
83%
With eruptions every 60-90 minutes, the highly predictable geyser Old Faithful can be found in which U.S. State? Wyoming
78%
Taking place in a Keymarkets in Lincolnshire, in which year was the first barcode scan in the United Kingdom? 1979
44%
To 2 s.f., what is the population of Europe as of January 2023? {750} million
33%
According to the Ordnance Survey, the most central point in Great Britain is in which county? Lancashire
33%
What city in Hampshire was capital of England from 927 until it was changed to London in 1066? Winchester
28%
What name is given to the Japanese art of flower arrangement? Ikebana
22%
"Funky Friday", "Starlight", "Sprinter" and "Raindance", have all been UK Number One singles for which artist? Dave
17%
What is the real name of the English novelist George Orwell? Eric Arthur Blair
17%
Which team won both the 2020 and 2021 Stanley Cups? Tampa Bay Lightning
17%
Which American directed both Gone With the Wind and The Wizard of Oz, both released in 1939? Victor Fleming
17%
How many sonnets did William Shakespeare write in his lifetime? 154
11%
In Norse mythology, what is the name of the giant serpent that encircles the Earth and is also known as the Midgard Serpent or World Serpent? Jörmungandr
11%
Who lead Team GB to Women's Curling Gold at the 2022 Winter Olympics in Beijing? Eve Muirhead
6%
Which Ski resort in France is the biggest ski resort in the world, with over 600km of slope length? Les 3 Vallées
6%
Which British author wrote The Girl on the Train? Paula Hawkins
6%
Which Chinese spirit usually distilled from fermented sorghum is the world's bestselling liquor? Baijiu
0%
In 1989, Carly Simon won the Best Original Song Oscar for her song "Let the River Run" for which film? Working Girl (1988)
0%
Which American jazz singer was nicknamed "The Divine One" and sang vocals on the song "If You Could See Me Now"? Sarah Vaughan
0%
What is the name of the small silk skullcap worn by Roman Catholic clergymen? Zucchetto
0%
No matching quizzes found
Score Distribution
Percent of People with Each Score
Percentile by Number Answered
Your Score History
You have not taken this quiz since the last reset